书目信息 |
| 题名: |
图解现代物流
|
|
| 作者: | 赵红岩 , 严诚忠 主编 | |
| 分册: | ||
| 出版信息: | 上海 东华大学出版社 2006.09 |
|
| 页数: | 335页 | |
| 开本: | 23cm | |
| 丛书名: | ||
| 单 册: | ||
| 中图分类: | F252 | |
| 科图分类: | ||
| 主题词: | 物流--wu liu--物资管理 | |
| 电子资源: | ||
| ISBN: | 7-81111-047-4 | |
| 000 | 00854nam0 2200241 450 | |
| 001 | 012007674343 | |
| 005 | 20070521102152.68 | |
| 010 | @a7-81111-047-4@dCNY38.00 | |
| 100 | @a20070322d2006 km y0chiy0120 ea | |
| 101 | 0 | @achi |
| 102 | @aCN@b310000 | |
| 105 | @aa a 000yy | |
| 200 | 1 | @a图解现代物流@Atu jie xian dai wu liu@f赵红岩, 严诚忠主编@Fzhao hong yan,yan cheng zhong zhu bian |
| 210 | @a上海@c东华大学出版社@d2006.09 | |
| 215 | @a335页@c图@d23cm | |
| 320 | @a有书目(第335页) | |
| 330 | @a本书内容包括:现代物流管理总论、社会生产中的物资流动管理实务、物流企业营销、企业物流战略、供应链管理、物流信息系统、采购管理、物流与仓储管理等13章。 | |
| 606 | 0 | @a物流@Awu liu@x物资管理 |
| 690 | @aF252@v4 | |
| 701 | 0 | @a赵红岩@Azhao hong yan@4主编 |
| 701 | 0 | @a严诚忠@Ayan cheng zhong@4主编 |
| 801 | 0 | @aCN@c20070521 |
| 905 | @a10447@dF252@eZ308 | |
| 图解现代物流/赵红岩, 严诚忠主编.-上海:东华大学出版社,2006.09 |
| 335页:图;23cm |
| ISBN 7-81111-047-4:CNY38.00 |
| 本书内容包括:现代物流管理总论、社会生产中的物资流动管理实务、物流企业营销、企业物流战略、供应链管理、物流信息系统、采购管理、物流与仓储管理等13章。 |
| ● |
| 相关链接 |
|
|
|
正题名:图解现代物流
索取号:F252/Z308
 
预约/预借
| 序号 | 登录号 | 条形码 | 馆藏地/架位号 | 状态 | 备注 |
| 1 | 238680 | 202386809 | 社科库409/409社科库 80排4列4层/ [索取号:F252/Z308] | 在馆 | |
| 2 | 238681 | 202386818 | 社科二线422/409社科库 80排4列4层/ [索取号:F252/Z308] | 在馆 | |
| 3 | 238682 | 202386827 | 社科二线422/409社科库 80排4列4层/ [索取号:F252/Z308] | 在馆 |